Η μετά Κάντιον ιδεοκρατική φιλοσοφία

Αποθηκεύτηκε σε:
Λεπτομέρειες βιβλιογραφικής εγγραφής
Κύριος συγγραφέας: Λογοθέτης, Κωνσταντίνος Ι.
Μορφή: Βιβλίο
Γλώσσα:Greek
Δημοσίευση: Εν Αθήναις : Οργανισμός Εκδόσεως Σχολικών Βιβλίων, 1958
Θέματα:
Ετικέτες: Προσθήκη ετικέτας
Δεν υπάρχουν, Καταχωρήστε ετικέτα πρώτοι!

MARC

LEADER 00000cam a2200000 i 4500
001 1/76952
008 050524s1958 gre d
035 |l 10078120 
040 |a GR-MY-UA  |b gre  |e aacr 
041 0 |a gre 
082 0 |a 142.3  |2 (22) 
100 1 |a Λογοθέτης, Κωνσταντίνος Ι. 
245 1 2 |a Η μετά Κάντιον ιδεοκρατική φιλοσοφία /  |c Κ.Ι. Λογοθέτου 
260 |a Εν Αθήναις :   |b Οργανισμός Εκδόσεως Σχολικών Βιβλίων,   |c 1958 
300 |a κδ', 915 σ.;  |c 25 εκ. 
504 |a Περιλαμβάνει βιβλιογραφίες και ευρετήριο 
600 0 0 |a Kant, Immanuel,   |d 1724-1804  |x Influence. 
650 0 0 |a Neo-Kantianism. 
650 0 0 |a Idealism. 
650 0 0 |a Philosophy  |x History. 
852 |a INST  |b RHODES  |c AKA  |e 20080905  |h  142.3 ΛΟΓ  |p 005400028723  |q 005400028723  |t BK  |y 0 
852 |a INST  |b RHODES  |c KRI  |e 20050524  |h  142.3 ΛΟΓ  |p 005400023469  |q 005400023469  |t BK  |y 0 
901 |a BIBL4-2005-2 
909 |a Ρ  |b 110684 
909 |a Ρ  |b 152855 
970 |a ΣΙΔΕΡΗ  |b ΝΕΚΤΑΡΙΑ  |z 2005/05/24